| Tag |
First Indicator |
Second Indicator |
Subfields |
| LEADER |
00000cam a2200000 a 4500 |
| 001 |
in00000072618 |
| 005 |
20151008053453.0 |
| 008 |
790912s1979 aru b s00010 engm |
| 010 |
|
|
|a 79063070
|
| 035 |
|
|
|a (OCoLC)05180604
|
| 035 |
|
|
|9 AAH7534AM
|
| 040 |
|
|
|a DLC
|c DLC
|d m.c.
|d TXA
|d UtOrBLW
|
| 043 |
|
|
|a n-us-ar
|
| 049 |
|
|
|a TXAM
|c [1421840]
|
| 050 |
0 |
0 |
|a HJ315
|b .L4
|
| 082 |
0 |
|
|a 336.1/85
|
| 100 |
1 |
|
|a Ledbetter, Cal.
|
| 245 |
1 |
4 |
|a The Arkansas plan :
|b a case study in public policy /
|c Cal Ledbetter, Jr., Beadle Moore, Glen Sparrow.
|
| 264 |
|
1 |
|a Little Rock :
|b University of Arkansas at Little Rock,
|c [1979]
|
| 264 |
|
4 |
|c [©1979]
|
| 300 |
|
|
|a 63 pages ;
|c 24 cm.
|
| 336 |
|
|
|a text
|b txt
|2 rdacontent
|
| 337 |
|
|
|a unmediated
|b n
|2 rdamedia
|
| 338 |
|
|
|a volume
|b nc
|2 rdacarrier
|
| 490 |
1 |
|
|a Monographs series / University of Arkansas at Little Rock
|
| 504 |
|
|
|a Includes bibliographical references.
|
| 650 |
|
0 |
|a Intergovernmental fiscal relations
|z Arkansas.
|
| 700 |
1 |
|
|a Moore, Beadle.
|
| 700 |
1 |
|
|a Sparrow, Glen W.
|
| 830 |
|
0 |
|a Monograph series (University of Arkansas at Little Rock)
|
| 999 |
|
|
|a MARS
|
| 999 |
f |
f |
|s 4341a44f-2019-3c00-a9d5-84de59b5e264
|i 224ac1b7-e846-3668-8f6d-a421dd1fa166
|t 0
|
| 952 |
f |
f |
|p ric
|a Texas A&M University
|b Rellis Campus
|c Joint Library Facility
|d Remote Storage
|t 0
|e HJ315 .L4
|h Library of Congress classification
|i unmediated -- volume
|m A14829946864
|
| 998 |
f |
f |
|a HJ315 .L4
|t 0
|l Remote Storage
|